Niektoré riziká sa stávajú nepoistiteľné. Poisťovací trh je odzrkadlením celkového spoločenského vývoja.
Výkyvy v národnej ekonomike a ich vplyv na rozvoj poistenia. Vyššie požiadavky na poistné služby na Slovensku. Vplyv monopolov pretrval (Slovenská a Česká poisťovňa). Chýbajú odborníci. Komerčné poisťovne, poistný trh a získané poistné. Návrat škôd, poistných plnení. Škodovosť. Neekonomické poistné.
Gespeichert in:
| 1. Verfasser: | |
|---|---|
| Format: | Buchkapitel |
| Sprache: | Slowakisch |
| Schlagworte: | |
| Tags: |
Keine Tags, Fügen Sie das erste Tag hinzu!
|
MARC
| LEADER | 00000naa a2200000 4500 | ||
|---|---|---|---|
| 001 | r013468 | ||
| 005 | 20221213123433.1 | ||
| 041 | 0 | |a slo | |
| 044 | |a SK | ||
| 245 | 1 | 0 | |a Niektoré riziká sa stávajú nepoistiteľné. |b Poisťovací trh je odzrkadlením celkového spoločenského vývoja. |c P. Chovan |
| 520 | |a Výkyvy v národnej ekonomike a ich vplyv na rozvoj poistenia. Vyššie požiadavky na poistné služby na Slovensku. Vplyv monopolov pretrval (Slovenská a Česká poisťovňa). Chýbajú odborníci. Komerčné poisťovne, poistný trh a získané poistné. Návrat škôd, poistných plnení. Škodovosť. Neekonomické poistné. | ||
| 610 | 2 | 0 | |a poisťovníctvo |
| 610 | 2 | 0 | |a riziko poistné |
| 610 | 2 | 0 | |a Slovensko |
| 610 | 2 | 0 | |a škody |
| 100 | 1 | |a Chovan, Pavel | |